| 000 | 01247cam a2200313 a 4500 | ||
|---|---|---|---|
| 001 | 15499917 | ||
| 005 | 20180814083354.0 | ||
| 008 | 081027s2009 enka b 001 0 eng | ||
| 010 | _a 2008046993 | ||
| 015 |
_aGBA915410 _2bnb |
||
| 016 | 7 |
_a014903999 _2Uk |
|
| 020 | _a9781405186759 (hardcover : alk. paper) | ||
| 020 | _a1405186755 (hardcover : alk. paper) | ||
| 020 | _a9781405186674 (pbk. : alk. paper) | ||
| 020 | _a1405186674 (pbk. : alk. paper) | ||
| 035 | _a(OCoLC)ocn264671047 | ||
| 040 |
_aDLC _cDLC _dYDXCP _dBTCTA _dBWKUK _dBWK _dCDX _dUKM _dNLGGC _dDLC |
||
| 041 | _aeng | ||
| 080 | _a658.4092 PLU | ||
| 082 | 0 | 0 |
_a658.4092 PLU _222 |
| 084 |
_a658.4092 PLU _2bcl |
||
| 100 | 1 | _a53 | |
| 101 | _aMEN | ||
| 245 | 1 | 0 |
_aReal time leadership development / _cPaul R. Yost and Mary Mannion Plunket. |
| 504 | _aIncludes bibliographical references (p. 209-225) and index. | ||
| 906 |
_a7 _bcbc _corignew _d1 _eecip _f20 _gy-gencatlg |
||
| 942 |
_2ddc _cBK |
||
| 999 |
_c47159 _d47159 |
||